书目信息 |
| 题名: |
职业技术教育课程设计指南
|
|
| 作者: | 休梅克 , Shoemaker 编 ;刘堃 译 | |
| 分册: | ||
| 出版信息: | 北京 劳动人事出版社 1987 |
|
| 页数: | 112页 | |
| 开本: | 19cm | |
| 丛书名: | ||
| 单 册: | ||
| 中图分类: | G71 | |
| 科图分类: | ||
| 主题词: | 职业学校-教学管理 , 教学管理-职业学校 , 职业教育-课程--设计 , 课程-职业教育--设计 , 教育--类型 | |
| 电子资源: | ||
| ISBN: | 7-5045-0070-4 | |
| 000 | 01048nam0 2200325 45 | |
| 001 | 0187002918 | |
| 005 | 20040429090456.6 | |
| 010 | @a7-5045-0070-4@dCNY1.00 | |
| 100 | @a19900808d1987 em y0chiy0121 ea | |
| 101 | 1 | @achi@ceng |
| 102 | @aCN@b110000 | |
| 105 | @af z 000yy | |
| 106 | @ar | |
| 200 | 10 | @a职业技术教育课程设计指南@Azhi ye ji shu jiao yu ke cheng she ji zhi nan@f(美)休梅克(Shoemaker,B.R.)编@g刘堃 译 |
| 210 | @a北京@c劳动人事出版社@d1987 | |
| 215 | @a112页@c图@d19cm | |
| 300 | @a书名原文: An instructional system design for vocational education. | |
| 510 | 1 | @aAn instructional system design for vocational education@zeng |
| 606 | @a职业学校-教学管理 | |
| 606 | @a教学管理-职业学校 | |
| 606 | @a职业教育-课程@x设计 | |
| 606 | @a课程-职业教育@x设计 | |
| 606 | 0 | @a教育@x类型 |
| 690 | @aG71 | |
| 701 | 1 | @a休梅克@Axiu mei ke@bB.R.@4编 |
| 701 | A1 | @aShoemaker@bB.R.@4编 |
| 702 | 0 | @a刘堃@ALiu Kun@4译 |
| 801 | 0 | @aCN@b深圳图书馆@c20040429 |
| 801 | 2 | @aCN@bNLC@c20040429 |
| 905 | @f2@b215234-235@dG71@e8 | |
| 职业技术教育课程设计指南/(美)休梅克(Shoemaker,B.R.)编/刘堃 译.-北京:劳动人事出版社,1987 |
| 112页:图;19cm |
| 书名原文: An instructional system design for vocational education. |
| ISBN 7-5045-0070-4:CNY1.00 |
| ● |
| 相关链接 |
|
|
|
|
正题名:职业技术教育课程设计指南
索取号:G71/8
 
预约/预借
| 序号 | 登录号 | 条形码 | 馆藏地/架位号 | 状态 | 备注 |
| 1 | 0215234 | 001002373 | 密集书库/ [索取号:G71/8] | 在馆 | |
| 2 | 0215235 | 001002382 | 密集书库/ [索取号:G71/8] | 在馆 | |
| 3 | 0215236 | 001002444 | 第一样本阅览室/ [索取号:G71/8] | 在馆 |